000 00512nam a2200205Ia 4500
008 170203s9999 xx 000 0 und d
020 _a9832841410
050 _a500
050 _bEa11 2003
245 4 _aThe world of science /
260 _aSelangor Darul Ehsan :
260 _bEarly Learner Publications,
260 _c2003
300 _bcolor illustrations ;
300 _c25 cm.
440 _aEarly Learner's.
650 _aScience --
650 _aScience.
650 _xJuvenile literature.
999 _c305683
_d305683